000 01457npi a2200265 a 4500
003 OSt
005 20250303122356.0
008 230524q2023 ||||||||o|||| 00| 0 eng d
040 _aChap
_cChap
245 0 0 _aCABI Compendium: Crop Protection = Compendio CABI: protección de cultivos
246 3 1 _aCompendio CABI:
_bprotección de cultivo.
246 3 1 _aCrop Protection Compendium
250 _a2023
505 _gRecopilación de datos e investigaciones sobre especies, plagas y enfermedades en la agricultura, la acuicultura y la producción ganadera, y el medio ambiente en un solo recurso integral.
505 _gIncluye imágenes, mapas y herramientas de diagnóstico y apoyo a la toma de decisiones, como la herramienta de escaneo Horizon, la herramienta de análisis de riesgo de plagas (Pest Risk Analysis Tool) y una nueva incorporación: la herramienta de descubrimiento de especies invasoras (Invasive Species Discovery Tool).
650 4 _9171282
_aPlagas agrícolas
650 4 _941161
_aFitopatología
650 0 _9143387
_aProducción ganadera
650 4 _9187138
_aCiencias ambientales
650 7 _9758
_aAcuicultura
710 2 _9187137
_aCAB International (Wallingford, Inglaterra)
856 _uhttps://www.cabidigitallibrary.org/journal/cabicompendium
_zACCESO RED UACh
856 _uhttps://chapingo.idm.oclc.org/login?url=https://www.cabidigitallibrary.org/journal/cabicompendium
_zACCESO EXTERNO
942 _cITEMRECELE
999 _c218803
_d218803